Políticas de crecimiento urbano: La experiencia de Costa Rica /
Relaciones entre la política pública y el crecimiento urbano, en Costa Rica, define que es política púlica, analiza la importancia de las instituciones autónomas en el desarrollo urbano, la evolución de las municipalidades costarricenses, el proyecto concerniente al área o distrito metropolitano y e...
Guardado en:
| 主要作者: | |
|---|---|
| 格式: | 未知 |
| 出版: |
San José:
UF. Centro de Estudios Latinoamericanos. MEIC. DGEC
|
| 主題: | |
| 標簽: |
添加標簽
沒有標簽, 成為第一個標記此記錄!
|
MARC
| LEADER | 00000 a2200000 04500 | ||
|---|---|---|---|
| 001 | 14521 | ||
| 003 | |||
| 008 | 991231s d | ||
| 040 | |||
| 090 | |a 023304 | ||
| 100 | |a Carvajal, Manuel J | ||
| 245 | |a Políticas de crecimiento urbano: La experiencia de Costa Rica / |c Manuel J. Carvajal | ||
| 260 | |a San José: |b UF. Centro de Estudios Latinoamericanos. MEIC. DGEC | ||
| 520 | |a Relaciones entre la política pública y el crecimiento urbano, en Costa Rica, define que es política púlica, analiza la importancia de las instituciones autónomas en el desarrollo urbano, la evolución de las municipalidades costarricenses, el proyecto concerniente al área o distrito metropolitano y el papel que juegan los grupos de interes. Estudia la composición de la élite administrativa y modernizadora que surge en 1940, y señala que la política urbana se genera mediante conflictos y coaliciones dentro de las elites./ACM | ||
| 650 | |a POLITICA GUBERNAMENTAL | ||
| 650 | |a COSTA RICA | ||
| 650 | |a MIGRACIONES INTERNAS | ||
| 650 | |a MIGRACIONES RURALES | ||
| 650 | |a DISTRIBUCION DE LA POBLACION | ||
| 650 | |a INDUSTRIALIZACION | ||
| 999 | |c 2710 |d 2710 | ||
